| 000 | 00428 a2200157 4500 | ||
|---|---|---|---|
| 005 | 20250514132049.0 | ||
| 020 | _a0-618-04072-2 | ||
| 082 | _a658.401 HIL | ||
| 100 | _aHILL, C. W. | ||
| 245 | _aStrategic Management : An Integrated Approach. | ||
| 250 | _a5th Ed | ||
| 260 |
_aBostom, _bHoughton Mifflin Company, _c2001. |
||
| 300 |
_aXxxi, 607p.: ill.; figure, table _bIndex _c26cm |
||
| 700 | _aJONES, G. R. | ||
| 942 |
_2ddc _cBKS |
||
| 999 |
_c2256 _d2256 |
||